000 00381nam a2200133Ia 4500
008 220217s9999||||xx |||||||||||||| ||und||
020 _a81-7808-772-3
082 _a005.13 KAM
100 _aKamthane, Ashok, N
245 0 _aObject orianted programming with ANSI and turbo C++
260 _aPearson education
_bDelhi
_c2003
300 _b225
650 _aPROGRAMMING LANGUAGE
999 _c171301
_d171301